| Registos Bibliográficos associados ao registo de autoridade |
|
Etiqueta de registo: 00000nam 2200025 450 001 2277415 003 http://id.bnportugal.gov.pt/bib/catbnp/2277415 100 ## $a20260306d2023 k y0pory01030103ba 101 0# $aeng$dpor 102 ## $aPT 105 ## $aa m 000yy 106 ## $ar 200 1# $aExperimental methods for investigating the effects of soil settlements and vibrations
in cultural heritage buildings, induced by underground structures$fGeorgios Karanikoloudis$gorient. Paulo José Brandão Barbosa Lourenço, João Bilé Serra 210 #9 $a[S.l.$cs.n.],$d2023 215 ## $aXXX, 294 p.$cil.$d30 cm 328 #1 $aTese dout. Engenharia Civil, Escola de Engenharia, Universidade do Minho, 2023 675 ## $a624.1(043)$vBN$zpor$31238700 675 ## $a620.17(043)$vBN$zpor$31219943 700 #1 $aKaranikoloudis,$bGeorgios$31989709 702 #1 $aLourenço,$bPaulo B.,$f1967-$4727$3685767 702 #1 $aSerra,$bJoão Paulo Bilé$4727$3408363 801 #0 $aPT$bBN$gRPC 856 40 $2Cópia digital disponível no RepositóriUM - Universidade do Minho$uhttps://hdl.handle.net/1822/84718 966 ## $lBN$mFGMON$sS.A. 193607 V.$x1 971 ## $corlando$d20260306 972 ## $e0$z0$d20260422$vlrevez 973 ## $cigoulao$d20260416
|
|
|